000 00801nam a2200253Ia 4500
003 OSt
005 20250225123551.0
008 210716s2015 xx 000 0 und d
020 _a9789352131693
040 _cAIMIT LIBRARY
041 _aeng
082 _a005.7402
_21
_bBORT
100 _aBoronczyk, Timothy.
_9202518
245 _aJump start mysql /
_cBy Timothy Boronczyk.
250 _a1st ed.
260 _aNew Delhi :
_bShroff Publishers and Distributors Pvt Ltd ,
_c2015.
300 _axviii,133 p.;
_bPB
_c24 cm.
650 _aStoring Data
_9202593
650 _aRetrieving and updating data
_9202594
650 _aWorking with multiple tables
_9202598
650 _aConnecting from code
_9202599
650 _aProgramming the database
_9202600
942 _2ddc
_cBK
_e1st
_k005.7402 BORT
999 _c195048
_d195048